Получение и исследование наноструктур. Лабораторный практикум по нанотехнологиям: учебное пособие

التفاصيل البيبلوغرافية
مؤلفون آخرون: Сигов А. С. (редактор)
الملخص:Представлены описания лабораторных работ для студентов 2—3 курсов, обучающихся по специальности «Нанотехнологии в электронике». В ходе выполнения работ студенты ознакомятся с некоторыми методами получения наночастиц и нанокомпозитов, приобретут навыки работы с объектами нанометрового размера и овладеют современными физико-химическими методами исследования. Каждый цикл работ предваряется теоретическим введением, которое может играть роль краткого конспекта лекций.
اللغة:الروسية
منشور في: Москва, БИНОМ. Лаборатория знаний, 2011
سلاسل:Нанотехнологии
الموضوعات:
التنسيق: كتاب
KOHA link:https://koha.lib.tpu.ru/cgi-bin/koha/opac-detail.pl?biblionumber=235508

MARC

LEADER 00000nam0a2200000 4500
001 235508
005 20231101231414.0
010 |a 9785996302284 
035 |a (RuTPU)RU\TPU\book\256645 
035 |a RU\TPU\book\197273 
090 |a 235508 
100 |a 20100615d2011 m y0rusy50 ca 
101 0 |a rus 
102 |a RU 
105 |a a j 001zy 
200 1 |a Получение и исследование наноструктур. Лабораторный практикум по нанотехнологиям  |e учебное пособие  |f под ред. А. С. Сигова 
210 |a Москва  |c БИНОМ. Лаборатория знаний  |d 2011 
215 |a 146 с.  |c ил. 
225 1 |a Нанотехнологии 
320 |a Библиогр.: с. 143-146. 
330 |a Представлены описания лабораторных работ для студентов 2—3 курсов, обучающихся по специальности «Нанотехнологии в электронике». В ходе выполнения работ студенты ознакомятся с некоторыми методами получения наночастиц и нанокомпозитов, приобретут навыки работы с объектами нанометрового размера и овладеют современными физико-химическими методами исследования. Каждый цикл работ предваряется теоретическим введением, которое может играть роль краткого конспекта лекций. 
606 1 |a Наноструктурные материалы  |2 stltpush  |3 (RuTPU)RU\TPU\subj\44811  |9 64091 
610 1 |a наноразмерные структуры 
610 1 |a наноструктуры 
610 1 |a сканирующая зондовая микроскопия 
610 1 |a оптические методы 
610 1 |a нанообъекты 
610 1 |a наноперемещения 
610 1 |a нанотехнологии 
610 1 |a солнечные элементы 
610 1 |a плазмохимическое травление 
610 1 |a лабораторные работы 
610 1 |a лабораторные практикумы 
610 1 |a учебные пособия 
675 |a 620.18(076.5)  |v 3 
702 1 |a Сигов  |b А. С.  |4 340 
801 1 |a RU  |b 63413507  |c 20130411 
801 2 |a RU  |b 63413507  |c 20150529  |g RCR 
900 |a Нанотехнологии 
900 |a Технологические процессы создания наноструктурных материалов для отраслей наноиндустрии 
942 |c BK 
959 |a 66/20130405  |d 5  |e 230,00  |f ЧЗТЛ:1  |f АНЛ:1  |f УФ:3